[Event "Hanoi m2"]
[Site "Hanoi"]
[Date "2022.08.16"]
[Round "2"]
[White "Hoang, Minh Hieu"]
[Black "Vasilyev, Mikhail"]
[Result "0-1"]
[WhiteElo "1938"]
[BlackElo "2073"]
[PlyCount "86"]
[EventDate "2022.08.15"]
[EventType "match"]
[EventRounds "4"]
[EventCountry "VIE"]
[SourceTitle "EXT 2024"]
[Source "ChessBase"]
[SourceDate "2023.10.10"]
[SourceVersion "1"]
[SourceVersionDate "2023.10.10"]
[SourceQuality "1"]

1. d4 Nf6 2. c4 c5 3. d5 b5 4. cxb5 a6 5. e3 d6 6. Nc3 g6 7. Nf3 Bg7 8. Be2 0-0 9. 0-0 Nbd7 10. a4 axb5 11. Bxb5 Ba6 12. Bxa6 Rxa6 13. Rb1 Qb6 14. b3 Rb8 15. Qd3 Ng4 16. Nb5 Nge5 17. Nxe5 Nxe5 18. Qc2 c4 19. b4 Rba8 20. Nc3 Nd3 21. a5 Nxb4 22. Qa4 Bxc3 23. Qa3 Rxa5 24. Qxc3 Nxd5 25. Qc2 Qc5 26. e4 Ra2 27. Rb2 Nb4 28. Qc3 Nd3 29. Be3 Qa3 30. Rxa2 Qxa2 31. Bh6 e5 32. Bc1 Qb3 33. Qd2 Ra2 34. Qg5 Nxc1 35. Rxc1 Qb2 36. h4 Qxf2+ 37. Kh1 Kg7 38. h5 h6 39. Qg4 g5 40. Rd1 c3 41. Rxd6 c2 42. Qc8 Qh4+ 43. Kg1 Ra1+ 0-1

[Event "Hanoi m2"]
[Site "Hanoi"]
[Date "2022.08.15"]
[Round "1"]
[White "Vasilyev, Mikhail"]
[Black "Hoang, Minh Hieu"]
[Result "0-1"]
[WhiteElo "2073"]
[BlackElo "1938"]
[PlyCount "90"]
[EventDate "2022.08.15"]
[EventType "match"]
[EventRounds "4"]
[EventCountry "VIE"]
[SourceTitle "EXT 2024"]
[Source "ChessBase"]
[SourceDate "2023.10.10"]
[SourceVersion "1"]
[SourceVersionDate "2023.10.10"]
[SourceQuality "1"]

1. e4 e6 2. d4 d5 3. Nd2 dxe4 4. Nxe4 Bd7 5. Nf3 Bc6 6. Bd3 Nd7 7. 0-0 Ngf6 8. Ng3 Be7 9. Re1 0-0 10. c3 Re8 11. Qe2 Bxf3 12. Qxf3 c6 13. Re2 Qa5 14. Bf4 Nf8 15. a3 Ng6 16. Bd2 Qb6 17. b4 a5 18. Rae1 axb4 19. axb4 Ra3 20. Ne4 Nd5 21. g3 Nxb4 22. cxb4 Qxd4 23. Nc3 Rxc3 24. Bxc3 Qxc3 25. Be4 Bxb4 26. Qxc3 Bxc3 27. Rb1 Re7 28. h4 f5 29. Bg2 Kf7 30. Ra2 Ne5 31. Ra7 b5 32. Rxe7+ Kxe7 33. f4 Nc4 34. Bxc6 b4 35. Ba4 Kd6 36. Rd1+ Kc5 37. Rd7 Nb6 38. Rc7+ Kd6 39. Ra7 Nxa4 40. Rxa4 b3 41. Ra8 b2 42. Rd8+ Kc5 43. Rd1 Bd2 44. Rb1 Bc1 45. Kf1 Kd4 0-1

[Event "Hanoi m1"]
[Site "Hanoi"]
[Date "2022.08.09"]
[Round "1"]
[White "Vasilyev, Mikhail"]
[Black "Nguyen, Huynh Minh Thien"]
[Result "0-1"]
[WhiteElo "2073"]
[BlackElo "2047"]
[PlyCount "102"]
[EventDate "2022.08.09"]
[EventType "match"]
[EventRounds "4"]
[EventCountry "VIE"]
[SourceTitle "EXT 2024"]
[Source "ChessBase"]
[SourceDate "2023.10.10"]
[SourceVersion "1"]
[SourceVersionDate "2023.10.10"]
[SourceQuality "1"]

1. e4 c6 2. Nc3 d5 3. Nf3 Bg4 4. h3 Bxf3 5. Qxf3 Nf6 6. d3 e6 7. g3 Bb4 8. Bd2 Nbd7 9. Bg2 dxe4 10. dxe4 Ne5 11. Qe2 Qd4 12. a3 Be7 13. 0-0-0 Qb6 14. f4 Ned7 15. g4 Nc5 16. g5 Nfd7 17. Be3 Qa5 18. h4 b5 19. e5 Rc8 20. h5 b4 21. axb4 Qxb4 22. Rd4 Qa5 23. Kd2 Rb8 24. Rb1 Qc7 25. b4 Nb7 26. Ne4 Nb6 27. c4 c5 28. bxc5 Bxc5 29. Nxc5 Nxc5 30. Ke1 0-0 31. Kf2 Nba4 32. Rxb8 Rxb8 33. Kg1 a5 34. Rd6 Nb3 35. Rc6 Qd7 36. Rd6 Qc7 37. Kh2 g6 38. Qd3 Nac5 39. Bxc5 Nxc5 40. Qa3 Nb3 41. c5 Qxc5 42. Qa4 gxh5 43. Qe4 Qb4 44. Qe3 a4 45. Be4 a3 46. Qd3 Nc5 47. Rd8+ Kg7 48. Rxb8 Nxd3 49. Rxb4 Nxb4 50. Bb1 a2 51. Bxa2 Nxa2 0-1

[Event "Ho Chi Minh City HD Bank op 9th"]
[Site "Ho Chi Minh City"]
[Date "2019.03.12"]
[Round "8"]
[White "Zhou, Zirun"]
[Black "Vasilyev, Mikhail"]
[Result "1/2-1/2"]
[WhiteElo "2156"]
[BlackElo "2136"]
[PlyCount "80"]
[EventDate "2019.03.07"]
[EventType "swiss"]
[EventRounds "9"]
[EventCountry "VIE"]
[SourceTitle "CBM 189 Extra"]
[Source "ChessBase"]
[SourceDate "2019.06.03"]
[SourceVersion "1"]
[SourceVersionDate "2019.06.03"]
[SourceQuality "1"]

1. d4 f5 2. c4 Nf6 3. Nc3 e6 4. g3 c6 5. Bg2 d5 6. Nf3 Be7 7. 0-0 0-0 8. Ne5 Nbd7 9. cxd5 exd5 10. Nd3 Ne4 11. f3 Nxc3 12. bxc3 Bd6 13. e4 fxe4 14. fxe4 Rxf1+ 15. Qxf1 dxe4 16. Bxe4 Qa5 17. Bd2 Nf6 18. Bg2 Bd7 19. Nc5 Bxc5 20. Qc4+ Kh8 21. dxc5 Re8 22. Qb4 Qxb4 23. cxb4 Be6 24. Re1 Bd7 25. Rxe8+ Bxe8 26. Bc3 Nd5 27. Bxd5 cxd5 28. Kf2 Kg8 29. Ke3 Kf7 30. h4 h5 31. Kf4 Bb5 32. Ke5 Bc4 33. Kd6 Bxa2 34. Kc7 d4 35. Bxd4 Bd5 36. b5 g6 37. Kb8 Ke6 38. Kxa7 Kd7 39. Be3 Kc8 40. Kb6 Be4 1/2-1/2

[Event "Ho Chi Minh City HD Bank op 9th"]
[Site "Ho Chi Minh City"]
[Date "2019.03.09"]
[Round "4"]
[White "Kavinda, Akila"]
[Black "Vasilyev, Mikhail"]
[Result "0-1"]
[WhiteElo "2091"]
[BlackElo "2136"]
[PlyCount "71"]
[EventDate "2019.03.07"]
[EventType "swiss"]
[EventRounds "9"]
[EventCountry "VIE"]
[SourceTitle "CBM 189 Extra"]
[Source "ChessBase"]
[SourceDate "2019.06.03"]
[SourceVersion "1"]
[SourceVersionDate "2019.06.03"]
[SourceQuality "1"]

1. d4 Nf6 2. Nf3 g6 3. c4 Bg7 4. Nc3 0-0 5. e4 d6 6. h3 Nbd7 7. Bg5 e5 8. d5 h6 9. Be3 Nc5 10. Nd2 a5 11. g4 Bd7 12. Be2 Nh7 13. Qc2 f5 14. 0-0-0 b6 15. f3 Rf7 16. Rdg1 f4 17. Bf2 Nf8 18. h4 Be8 19. h5 g5 20. Kd1 Nh7 21. Ke1 Nf6 22. Kf1 Bd7 23. Kg2 Qc8 24. Qd1 Bf8 25. Bxc5 dxc5 26. Kh2 c6 27. Rg2 Rb8 28. Rf2 Be7 29. Kg1 Bd6 30. Bd3 Be8 31. Bc2 Rg7 32. dxc6 Bxc6 33. Ba4 Bb7 34. Ndb1 Rd7 35. Rg2 Be7 36. Nd2 0-1

[Event "Hanoi HD Bank op-A 8th"]
[Site "Hanoi"]
[Date "2018.03.14"]
[Round "7"]
[White "Vasilyev, Mikhail"]
[Black "Nguyen, Hoang Nam2222"]
[Result "1/2-1/2"]
[WhiteElo "2141"]
[BlackElo "2188"]
[PlyCount "73"]
[EventDate "2018.03.10"]
[EventType "swiss"]
[EventRounds "9"]
[EventCountry "VIE"]
[SourceTitle "CBM 183 Extra"]
[Source "ChessBase"]
[SourceDate "2018.04.19"]
[SourceVersion "1"]
[SourceVersionDate "2018.04.19"]
[SourceQuality "1"]

1. e4 d5 2. exd5 Qxd5 3. Nc3 Qd6 4. d4 Nf6 5. Nf3 a6 6. h3 e6 7. Bd3 Nbd7 8. 0-0 c5 9. Be3 Be7 10. Re1 cxd4 11. Bxd4 Nc5 12. Bf1 b6 13. Ne5 Bb7 14. Nc4 Qc6 15. Qe2 0-0 16. Rad1 Rad8 17. b4 Ncd7 18. a3 Ba8 19. Qe3 b5 20. Na5 Qc7 21. f4 Rfe8 22. Bd3 g6 23. Qf2 Bd6 24. Bxb5 Bxf4 25. Bxf6 Bg3 26. Qf1 Bxe1 27. Bxd8 Rxd8 28. Qxe1 axb5 29. Rd3 Rc8 30. Qf2 Rb8 31. Qd4 Nf8 32. Qd6 Qa7+ 33. Qd4 Qxd4+ 34. Rxd4 e5 35. Rd6 Ne6 36. Nc6 Bxc6 37. Rxc6 1/2-1/2

[Event "Hanoi HD Bank op-A 8th"]
[Site "Hanoi"]
[Date "2018.03.13"]
[Round "6"]
[White "Vatsal, Singhania"]
[Black "Vasilyev, Mikhail"]
[Result "1/2-1/2"]
[WhiteElo "2090"]
[BlackElo "2141"]
[PlyCount "64"]
[EventDate "2018.03.10"]
[EventType "swiss"]
[EventRounds "9"]
[EventCountry "VIE"]
[SourceTitle "CBM 183 Extra"]
[Source "ChessBase"]
[SourceDate "2018.04.19"]
[SourceVersion "1"]
[SourceVersionDate "2018.04.19"]
[SourceQuality "1"]

1. e4 d6 2. d4 Nf6 3. Nc3 g6 4. f4 Bg7 5. Nf3 0-0 6. Bd3 Nc6 7. 0-0 Bg4 8. Ne2 e5 9. d5 Bxf3 10. Rxf3 Nd4 11. Nxd4 exd4 12. c3 dxc3 13. bxc3 Re8 14. Qc2 Qe7 15. Re3 c6 16. dxc6 bxc6 17. Re2 Nd7 18. Ba3 Qf6 19. Rf1 c5 20. Bb5 Re7 21. Rf3 Rc8 22. Bc1 Nb6 23. a4 Rd8 24. a5 Na8 25. e5 Qf5 26. exd6 Qxc2 27. dxe7 Qd1+ 28. Rf1 Qxf1+ 29. Kxf1 Rd1+ 30. Kf2 Nc7 31. e8Q+ Nxe8 32. Rxe8+ Bf8 1/2-1/2

[Event "Hanoi HD Bank op-A 8th"]
[Site "Hanoi"]
[Date "2018.03.12"]
[Round "5"]
[White "Gu, Xiaobing"]
[Black "Vasilyev, Mikhail"]
[Result "1-0"]
[WhiteElo "2354"]
[BlackElo "2141"]
[PlyCount "97"]
[EventDate "2018.03.10"]
[EventType "swiss"]
[EventRounds "9"]
[EventCountry "VIE"]
[SourceTitle "CBM 183 Extra"]
[Source "ChessBase"]
[SourceDate "2018.04.19"]
[SourceVersion "1"]
[SourceVersionDate "2018.04.19"]
[SourceQuality "1"]

1. e4 c5 2. Nf3 Nc6 3. Bb5 g6 4. Bxc6 dxc6 5. d3 Nf6 6. h3 Bg7 7. Nc3 0-0 8. Be3 Nd7 9. Qd2 Re8 10. Bh6 Bh8 11. h4 e5 12. h5 Qe7 13. 0-0-0 Nf8 14. Rh2 Ne6 15. Rdh1 Bf6 16. hxg6 fxg6 17. Nd1 b5 18. Ne3 Nd4 19. c3 Nxf3 20. gxf3 a5 21. f4 exf4 22. Bxf4 Ra7 23. Rxh7 Qxh7 24. Rxh7 Rxh7 25. Bd6 Rh5 26. Qe2 Be6 27. Ng4 Bg7 28. Qf3 Bxa2 29. Nf6+ Bxf6 30. Qxf6 Bf7 31. f4 Re6 32. Qd8+ Re8 33. Qd7 Rh1+ 34. Kd2 Rh2+ 35. Ke3 Rxb2 36. Be5 a4 37. Qh3 Rxe5 38. fxe5 a3 39. Qc8+ Kg7 40. e6 Bxe6 41. Qxe6 a2 42. Qe7+ Kh6 43. Qf8+ Kh7 44. Qf1 b4 45. cxb4 cxb4 46. Qa1 Rg2 47. e5 b3 48. e6 Kg8 49. Qf1 1-0

[Event "Hanoi HD Bank op-A 8th"]
[Site "Hanoi"]
[Date "2018.03.12"]
[Round "4"]
[White "Vasilyev, Mikhail"]
[Black "Kathmale, Sameer"]
[Result "0-1"]
[WhiteElo "2141"]
[BlackElo "2320"]
[PlyCount "70"]
[EventDate "2018.03.10"]
[EventType "swiss"]
[EventRounds "9"]
[EventCountry "VIE"]
[SourceTitle "CBM 183 Extra"]
[Source "ChessBase"]
[SourceDate "2018.04.19"]
[SourceVersion "1"]
[SourceVersionDate "2018.04.19"]
[SourceQuality "1"]

1. e4 c6 2. Nf3 d5 3. Nc3 Nf6 4. e5 Ne4 5. Ne2 Qb6 6. d4 e6 7. Nfg1 f6 8. f3 Ng5 9. h4 Nf7 10. f4 c5 11. c3 Nc6 12. Nf3 cxd4 13. cxd4 Bb4+ 14. Bd2 fxe5 15. fxe5 0-0 16. Bxb4 Qxb4+ 17. Qd2 Bd7 18. Qxb4 Nxb4 19. Kd2 Nh6 20. a3 Nc6 21. b4 Ng4 22. h5 Nf2 23. Rh4 Ne4+ 24. Ke3 a5 25. bxa5 Nxa5 26. Nc1 Rac8 27. Na2 Rc2 28. Rg4 Rb2 29. Bd3 Nf2 30. Rh4 Nb3 31. Bxh7+ Kxh7 32. Rf1 Rxa2 33. h6 Na5 34. Ng5+ Kg6 35. Rxf2 Rfxf2 0-1

[Event "Ho Chi Minh City HD Bank op 7th"]
[Site "Ho Chi Minh City"]
[Date "2017.03.16"]
[Round "8"]
[White "Nguyen, Van Thanh"]
[Black "Vasilyev, Mikhail"]
[Result "1-0"]
[WhiteElo "2238"]
[BlackElo "2165"]
[PlyCount "95"]
[EventDate "2017.03.12"]
[EventType "swiss"]
[EventRounds "9"]
[EventCountry "VIE"]
[SourceTitle "CBM 177 Extra"]
[Source "ChessBase"]
[SourceDate "2017.04.27"]
[SourceVersion "1"]
[SourceVersionDate "2017.04.27"]
[SourceQuality "1"]

1. e4 c5 2. Nc3 Nc6 3. f4 e6 4. Nf3 d5 5. Bb5 a6 6. Bxc6+ bxc6 7. d3 Nf6 8. 0-0 Be7 9. Qe2 0-0 10. b3 a5 11. Na4 c4 12. bxc4 dxe4 13. dxe4 Ba6 14. e5 Nd7 15. Rd1 Qc7 16. Be3 Rab8 17. a3 Rb7 18. Nd2 f6 19. exf6 Bxf6 20. Rab1 c5 21. Nb3 Be7 22. Nc3 Kh8 23. Nb5 Bxb5 24. cxb5 Nf6 25. c4 a4 26. Nd2 Bd6 27. Rf1 Qf7 28. Nf3 Qh5 29. Rbe1 Ng4 30. g3 Qe8 31. Bd2 Re7 32. Ng5 Nh6 33. Qd3 Nf5 34. g4 h6 35. gxf5 hxg5 36. Qxd6 Rd7 37. Qxe6 Qxe6 38. fxe6 Rxd2 39. fxg5 Re8 40. e7 Kg8 41. Rf5 Rd3 42. g6 Rd6 43. Rg5 Rf6 44. h4 Rf4 45. h5 Rxc4 46. Rd5 Rd4 47. Rxd4 cxd4 48. Re4 1-0

[Event "Ho Chi Minh City HD Bank op 7th"]
[Site "Ho Chi Minh City"]
[Date "2017.03.15"]
[Round "6"]
[White "Chan, Kim Yew"]
[Black "Vasilyev, Mikhail"]
[Result "0-1"]
[WhiteElo "2176"]
[BlackElo "2165"]
[PlyCount "82"]
[EventDate "2017.03.12"]
[EventType "swiss"]
[EventRounds "9"]
[EventCountry "VIE"]
[SourceTitle "CBM 177 Extra"]
[Source "ChessBase"]
[SourceDate "2017.04.27"]
[SourceVersion "1"]
[SourceVersionDate "2017.04.27"]
[SourceQuality "1"]

1. d4 Nf6 2. c4 g6 3. Nf3 Bg7 4. g3 0-0 5. Bg2 d6 6. Nc3 Nc6 7. 0-0 Bf5 8. d5 Na5 9. Nd2 c5 10. e4 Bg4 11. Qc2 a6 12. b3 b5 13. Bb2 Rb8 14. Nd1 bxc4 15. bxc4 Bxd1 16. Raxd1 Rxb2 17. Qxb2 Nxd5 18. Qa3 Nb4 19. Qa4 Qc7 20. Nf3 Nxc4 21. Rc1 Qa5 22. Qb3 Na3 23. Rfd1 c4 24. Qe3 Nxa2 25. Rd5 Qb4 26. Rf1 c3 27. Ne1 Rc8 28. Bh3 e6 29. Nd3 Qa4 30. Ra1 Nc2 31. Qb6 Nxa1 32. Rxd6 c2 33. Rxe6 c1Q+ 34. Nxc1 Rxc1+ 35. Kg2 Qb5 36. Qd8+ Bf8 37. Re8 Qf1+ 38. Kf3 Rc3+ 39. Kg4 Qe2+ 40. Kg5 h6+ 41. Kf4 Qxf2+ 0-1

[Event "Ho Chi Minh City HD Bank op 7th"]
[Site "Ho Chi Minh City"]
[Date "2017.03.14"]
[Round "5"]
[White "Rowe, Duane"]
[Black "Vasilyev, Mikhail"]
[Result "1-0"]
[WhiteElo "2162"]
[BlackElo "2165"]
[PlyCount "71"]
[EventDate "2017.03.12"]
[EventType "swiss"]
[EventRounds "9"]
[EventCountry "VIE"]
[SourceTitle "CBM 177 Extra"]
[Source "ChessBase"]
[SourceDate "2017.04.27"]
[SourceVersion "1"]
[SourceVersionDate "2017.04.27"]
[SourceQuality "1"]

1. Nf3 Nf6 2. c4 g6 3. b4 Bg7 4. Bb2 0-0 5. e3 d6 6. d4 Nbd7 7. Bd3 c6 8. 0-0 Re8 9. e4 e5 10. d5 c5 11. b5 Nh5 12. Nc3 Nf4 13. Re1 Nxd3 14. Qxd3 Rf8 15. Bc1 h6 16. g3 f5 17. Nh4 Qf6 18. Bb2 f4 19. Ne2 Qg5 20. f3 Qh5 21. Rf1 Nf6 22. Ng2 g5 23. Rf2 Qg6 24. Re1 h5 25. gxf4 exf4 26. h4 gxh4 27. Nexf4 Qg5 28. Bc1 Rf7 29. Ne6 Qg6 30. Ng5 b6 31. Nxh4 Qh6 32. Nxf7 Qh7 33. Ng5 Qh8 34. e5 Bd7 35. exf6 Bxf6 36. Qg6+ 1-0

[Event "Ho Chi Minh City HD Bank op-A 6th"]
[Site "Ho Chi Minh City"]
[Date "2016.03.10"]
[Round "5"]
[White "Hoang, Thi Bao Tram"]
[Black "Vasilyev, Mikhail"]
[Result "1-0"]
[WhiteElo "2283"]
[BlackElo "2173"]
[PlyCount "139"]
[EventDate "2016.03.08"]
[EventType "swiss"]
[EventRounds "9"]
[EventCountry "VIE"]
[SourceTitle "CBM 171 Extra"]
[Source "ChessBase"]
[SourceDate "2016.04.26"]
[SourceVersion "1"]
[SourceVersionDate "2016.04.26"]
[SourceQuality "1"]

1. Nf3 f5 2. g3 Nf6 3. Bg2 e6 4. c4 c6 5. Nc3 d5 6. d4 Bd6 7. a3 0-0 8. b4 Bd7 9. Qb3 Be8 10. Bf4 Bxf4 11. gxf4 Nbd7 12. e3 Bh5 13. Ne2 Bxf3 14. Bxf3 Ne4 15. h4 Nb6 16. c5 Nc4 17. Bxe4 fxe4 18. Nc3 b5 19. cxb6 Nxb6 20. Na4 Nc4 21. Nc5 Qe7 22. Nxe4 Nxa3 23. Nd2 Nb5 24. Nf3 Rab8 25. Ne5 Rb6 26. Ra4 Rfb8 27. Ke2 Nd6 28. Qc2 Qb7 29. Rc1 Rc8 30. Nd3 Qf7 31. Kf1 Nc4 32. Rca1 Rc7 33. Qe2 Qf5 34. Kg2 Rbb7 35. Kh2 Rf7 36. Rg1 h6 37. Nc5 Rbe7 38. Ra6 Rc7 39. Qg4 Rfe7 40. Qxf5 exf5 41. Rg6 Nb6 42. h5 Kf7 43. Nd3 Nc4 44. Rgxc6 Rxc6 45. Rxc6 Rb7 46. Rc5 Rd7 47. Kg3 Ke6 48. Rc6+ Rd6 49. Rc7 Kf6 50. Rxa7 g6 51. Rh7 gxh5 52. Rxh6+ Kg7 53. Rxh5 Rf6 54. Rg5+ Kh6 55. Rg8 Nd2 56. Kg2 Kh7 57. Rg5 Ne4 58. Rh5+ Kg7 59. Kf3 Nd6 60. Rh1 Ne4 61. Ra1 Rc6 62. Ra3 Kf6 63. b5 Rb6 64. Ra6 Nd2+ 65. Ke2 Nc4 66. Ne5 Rxa6 67. bxa6 Nb6 68. Kd3 Ke6 69. f3 Kd6 70. e4 1-0

[Event "Ho Chi Minh City HD Bank op-A 6th"]
[Site "Ho Chi Minh City"]
[Date "2016.03.08"]
[Round "1"]
[White "Vasilyev, Mikhail"]
[Black "Tu, Hoang Thong"]
[Result "0-1"]
[WhiteElo "2173"]
[BlackElo "2394"]
[PlyCount "117"]
[EventDate "2016.03.08"]
[EventType "swiss"]
[EventRounds "9"]
[EventCountry "VIE"]
[SourceTitle "CBM 171 Extra"]
[Source "ChessBase"]
[SourceDate "2016.04.26"]
[SourceVersion "1"]
[SourceVersionDate "2016.04.26"]
[SourceQuality "1"]

1. e4 c5 2. Nf3 Nc6 3. d4 cxd4 4. Nxd4 Nf6 5. Nc3 d6 6. Bg5 Bd7 7. Nb3 h6 8. Bh4 g5 9. Bg3 Bg7 10. a3 Rc8 11. Bd3 Bg4 12. f3 Be6 13. 0-0 Nh5 14. Bf2 Nf4 15. Kh1 a6 16. Rb1 Ne5 17. Nd4 Bc4 18. Bxc4 Nxc4 19. Nce2 e6 20. c3 Ng6 21. Re1 0-0 22. Bg1 d5 23. Ng3 Nf4 24. Nde2 dxe4 25. Nxf4 Qxd1 26. Rexd1 gxf4 27. Nxe4 Rfd8 28. Rxd8+ Rxd8 29. Nc5 Rd2 30. Nxb7 Nxb2 31. Nc5 Nc4 32. Nxa6 Nxa3 33. Rc1 Nc4 34. Nc5 Kh7 35. g3 Be5 36. Bd4 fxg3 37. hxg3 Bxg3 38. Ne4 Rh2+ 39. Kg1 Bf4 40. Rd1 Rc2 41. Ra1 e5 42. Bf2 Nd2 43. Kg2 Nxe4 44. fxe4 Be3 45. Rf1 Kg6 46. Kg1 Rxc3 47. Ra1 Rc1+ 48. Rxc1 Bxc1 49. Kg2 Kg5 50. Kf3 h5 51. Bc5 h4 52. Be7+ Kh5 53. Bf6 Bf4 54. Be7 h3 55. Bc5 h2 56. Kg2 Kg4 57. Bd6 Bg3 58. Bc7 Kf4 59. Kh1 0-1

[Event "Ho Chi Minh City HD Bank op 3rd"]
[Site "Ho Chi Minh City"]
[Date "2013.03.22"]
[Round "6"]
[White "Doan Thi Van, Anh"]
[Black "Vasilyev, Mikhail"]
[Result "1-0"]
[WhiteElo "1980"]
[BlackElo "2253"]
[PlyCount "123"]
[EventDate "2013.03.19"]
[EventType "swiss"]
[EventRounds "9"]
[EventCountry "VIE"]
[SourceTitle "CBM 153 Extra"]
[Source "ChessBase"]
[SourceDate "2013.04.22"]
[SourceVersion "1"]
[SourceVersionDate "2013.04.22"]
[SourceQuality "1"]

1. d4 Nf6 2. Nf3 g6 3. g3 Bg7 4. Bg2 0-0 5. 0-0 d6 6. c4 Nc6 7. Nc3 Bf5 8. d5 Na5 9. Nd4 Bd7 10. Qd3 c5 11. Nf3 a6 12. e4 Rb8 13. e5 Ng4 14. exd6 exd6 15. Bg5 f6 16. Bd2 b5 17. cxb5 axb5 18. h3 b4 19. hxg4 bxc3 20. Qxc3 Rb4 21. Qc1 Rxg4 22. Bf4 Bb5 23. Re1 g5 24. Nh2 gxf4 25. Nxg4 fxg3 26. Nh6+ Kh8 27. Nf5 gxf2+ 28. Kxf2 Nc4 29. Bf1 Qd7 30. Re6 Ne5 31. Qc2 c4 32. Re7 Nd3+ 33. Bxd3 cxd3 34. Rxd7 dxc2 35. Rxg7 Bd3 36. Nd4 Kxg7 37. Ne6+ Kf7 38. Nxf8 Kxf8 39. Ke3 Bc4 40. Kd2 Bxd5 41. Kxc2 Be4+ 42. Kc3 Ke7 43. a4 Kd7 44. Rg1 Kc6 45. Rg7 h5 46. b4 Kb6 47. Kc4 h4 48. Rg4 d5+ 49. Kd4 h3 50. Rh4 Bg2 51. Rh6 Ka7 52. b5 f5 53. Ke5 f4 54. Kxf4 d4 55. a5 Bf1 56. Rh7+ Ka8 57. b6 Kb8 58. Ke4 d3 59. a6 Bg2+ 60. Ke3 Kc8 61. Rh8+ Kd7 62. b7 1-0

[Event "Washington op 1st"]
[Site "Rockville"]
[Date "2012.07.31"]
[Round "7"]
[White "Colas, Joshua"]
[Black "Vasilyev, Mikhail"]
[Result "1-0"]
[WhiteElo "2126"]
[BlackElo "2267"]
[PlyCount "87"]
[EventDate "2012.07.28"]
[EventType "swiss"]
[EventRounds "9"]
[EventCountry "USA"]
[SourceTitle "CBM 149 Extra"]
[Source "ChessBase"]
[SourceDate "2012.08.24"]
[SourceVersion "1"]
[SourceVersionDate "2012.08.24"]
[SourceQuality "1"]

1. d4 Nf6 2. c4 g6 3. Nc3 Bg7 4. e4 d6 5. f3 0-0 6. Be3 e5 7. d5 c6 8. Bd3 cxd5 9. cxd5 Nbd7 10. Nge2 Ne8 11. 0-0 f5 12. exf5 gxf5 13. b4 a5 14. a3 axb4 15. axb4 Rxa1 16. Qxa1 e4 17. fxe4 Ne5 18. Qd1 Ng4 19. Qd2 Qh4 20. h3 Nxe3 21. Qxe3 f4 22. Qf3 Qh6 23. Nb5 Be5 24. Nbd4 Ng7 25. Rc1 Qf6 26. Nb3 Qd8 27. Kh1 Qb6 28. b5 Bd7 29. Rb1 Be8 30. Rf1 Rf6 31. Nd2 Nh5 32. Nc4 Qd8 33. Nxe5 dxe5 34. Qg4+ Ng7 35. Rc1 Bd7 36. Qg5 Qe7 37. Rc7 Kf7 38. Ng1 h6 39. Qh4 b6 40. Nf3 Rd6 41. Qxe7+ Kxe7 42. Nxe5 Ne8 43. Rb7 Nf6 44. Nc4 1-0

[Event "Washington op 1st"]
[Site "Rockville"]
[Date "2012.07.31"]
[Round "8"]
[White "Vasilyev, Mikhail"]
[Black "Leve, Nitai D"]
[Result "1-0"]
[WhiteElo "2267"]
[BlackElo "2134"]
[PlyCount "53"]
[EventDate "2012.07.28"]
[EventType "swiss"]
[EventRounds "9"]
[EventCountry "USA"]
[SourceTitle "CBM 149 Extra"]
[Source "ChessBase"]
[SourceDate "2012.08.24"]
[SourceVersion "1"]
[SourceVersionDate "2012.08.24"]
[SourceQuality "1"]

1. e4 e6 2. d4 d5 3. Nc3 Nf6 4. Bg5 Be7 5. e5 Nfd7 6. h4 a6 7. Nf3 c5 8. dxc5 Nc6 9. Bf4 Bxc5 10. Qd2 b5 11. Bd3 Bb7 12. 0-0 f6 13. Rfe1 fxe5 14. Nxe5 Ndxe5 15. Bxe5 Nxe5 16. Rxe5 Qf6 17. Rxe6+ Qxe6 18. Re1 Qxe1+ 19. Qxe1+ Kd7 20. Bf5+ Kc7 21. Qe5+ Kb6 22. Qxg7 Raf8 23. Qe5 Rhg8 24. g4 h5 25. g5 Re8 26. Nxd5+ Ka7 27. Be6 1-0

[Event "Ho Chi Minh City HD Bank op 2nd"]
[Site "Ho Chi Minh City"]
[Date "2012.03.02"]
[Round "2"]
[White "Frost, Peter"]
[Black "Vasilyev, Mikhail"]
[Result "0-1"]
[WhiteElo "1897"]
[BlackElo "2270"]
[PlyCount "66"]
[EventDate "2012.03.02"]
[EventType "swiss"]
[EventRounds "9"]
[EventCountry "VIE"]
[SourceTitle "CBM 147 Extra"]
[Source "ChessBase"]
[SourceDate "2012.04.24"]
[SourceVersion "1"]
[SourceVersionDate "2012.04.24"]
[SourceQuality "1"]

1. e4 c5 2. Nf3 Nc6 3. d4 cxd4 4. Nxd4 Nf6 5. Nc3 d6 6. Bc4 Qb6 7. Nb3 e6 8. Be3 Qc7 9. 0-0 a6 10. a4 b6 11. f4 Be7 12. Qf3 0-0 13. Rae1 Nd7 14. Bd3 Rb8 15. Kh1 Nb4 16. Qg3 Kh8 17. Bd4 f6 18. e5 dxe5 19. fxe5 f5 20. Ne2 Nc5 21. Bxc5 bxc5 22. Bc4 Nxc2 23. Rc1 Nb4 24. Nf4 Qc6 25. Nd2 Nd5 26. b3 g5 27. Nh5 Bb7 28. Rf2 Rbd8 29. Rcf1 Qe8 30. Be2 f4 31. Qh3 Ne3 32. Bf3 Rxd2 33. Rxd2 Nxf1 0-1

[Event "Ho Chi Minh City HD Bank op 1st"]
[Site "Ho Chi Minh City"]
[Date "2011.01.07"]
[Round "7"]
[White "Shen, Siyuan"]
[Black "Vasilyev, Mikhail"]
[Result "1-0"]
[WhiteElo "2374"]
[BlackElo "2300"]
[PlyCount "103"]
[EventDate "2011.01.04"]
[EventType "swiss"]
[EventRounds "9"]
[EventCountry "VIE"]
[SourceTitle "CBM 140 Extra"]
[Source "ChessBase"]
[SourceDate "2011.03.01"]
[SourceVersion "1"]
[SourceVersionDate "2011.03.01"]
[SourceQuality "1"]

1. d4 Nf6 2. c4 c5 3. Nf3 cxd4 4. Nxd4 Nc6 5. Nc3 g6 6. g3 Bg7 7. Bg2 0-0 8. 0-0 Nxd4 9. Qxd4 d6 10. Qh4 Re8 11. Bh6 Bh8 12. Rac1 a6 13. b3 Rb8 14. Rfd1 Qa5 15. Bd2 Qh5 16. Qxh5 Nxh5 17. Nd5 Bf5 18. h3 Bd7 19. c5 dxc5 20. Rxc5 Bc6 21. Bb4 Bxd5 22. Rdxd5 Nf6 23. Rd2 e5 24. Rc7 e4 25. e3 Re6 26. Re7 Bg7 27. Rxe6 fxe6 28. Bc3 b6 29. Bxf6 Bxf6 30. Bxe4 Rd8 31. Rc2 Rd6 32. Kg2 Bd8 33. Rc8 Kf7 34. h4 Kg7 35. Ra8 b5 36. Ra7+ Kg8 37. h5 gxh5 38. Rxh7 h4 39. gxh4 Rd2 40. a4 Rb2 41. Kg3 Rxb3 42. Rd7 Bf6 43. h5 Bg7 44. Re7 Rb4 45. Bc6 e5 46. e4 Bf6 47. Rb7 Bg5 48. Kg4 Bf4 49. Kf5 Rb1 50. Bd5+ Kh8 51. Kf6 b4 52. Bf7 1-0